000 00703nam a2200253Ia 4500
003 OSt
005 20220918165313.0
006 a|||||r|||| 00| 0
007 ta
008 220917b |||||||| |||| 00| 0 eng d
020 _a1873410484 (hbk)
024 _a241,650
037 _cTextual
040 _aARTS
_cARTS
_beng
041 _2eng
_aeng
082 _aO42v, 111L9;N7
100 _aKato Shuichi
245 0 _aHistory of Japanese literature
_b From the man yoshu to modern times
260 _aTokyo
_bJapan Library Japan
_c1997
300 _a400p.
_ccm.
650 _aENGLISH LITERATURE
942 _hO42v, 111L9;N7
_cTEXL
_2CC
999 _c129179
_d129179